00620nam a2200193Ia 450000500170000000800460001703700120006304000210007504100130009608400190010910000400012824500400016825000060020826000540021430000160026894200190028499900210030395201020032420250508154447.0008 250505s9999 xx 000 0 eng d aTextual aFEDL bengcFEDL aeng2eng a401, TARqFEDL aTaraporewala Irach Jehangir Sorabji 0aElements of the science of language a3 aCalcutta, IndiabCalcutta University Press c1962 axxxiii,650p cTEXLh401, TAR c1350386d1350386 00104070aFEDLbFEDLd2025-05-08l0o401, TARpEL0034328r2025-05-08 15:44:47w2025-05-08yTEXL